| 000 | 00000nam 2200000za 4500 |
| 001 | 9.804832 |
| 003 | CaOODSP |
| 005 | 20221107135515 |
| 007 | cr ||||||||||| |
| 008 | 160316s2015 xxc|||||o f|0| 0 eng d |
| 020 | |a978-0-660-03621-2 |
| 040 | |aCaOODSP|beng |
| 043 | |an-cn--- |
| 086 | 1 |aFo4-62/2015E-PDF |
| 245 | 00|aImporting illegal forest products |h[electronic resource] : |bknow the rules, avoid the penalties. |
| 260 | |a[Ottawa] : |bNatural Resources Canada, |cc2015. |
| 300 | |a[4] p. |
| 500 | |aIssued also in French under title: Importation de produits forestiers récoltés illégalement: connaître les règles pour éviter les sanctions. |
| 692 | 07|2gccst|aForestry products |
| 710 | 1 |aCanada. |bNatural Resources Canada. |bCanadian Forest Service. |
| 775 | 08|tImportation de produits forestiers récoltés illégalement |w(CaOODSP)9.804833 |
| 794 | |tImporting illegal forest products : |w(CaOODSP)9.841807 |
| 856 | 40|qPDF|uhttps://publications.gc.ca/collections/collection_2016/rncan-nrcan/Fo4-62-2015-eng.pdf|s827 KB |